|
|
|
|
| LEADER |
01341nam a2200277 u 4500 |
| 001 |
10065500 |
| 003 |
upatras |
| 005 |
20230602131558.0 |
| 008 |
080215s2005 gr gre |
| 020 |
|
|
|a 9606654060
|
| 040 |
|
|
|a ΠΑΝΕΠΙΣΤΗΜΙΟ ΠΑΤΡΑΣ
|c ΠΑΝΕΠΙΣΤΗΜΙΟ ΠΑΤΡΑΣ
|
| 041 |
0 |
|
|a gre
|
| 082 |
0 |
4 |
|a 711.409 495 12
|
| 245 |
1 |
0 |
|a Η μετάβαση της Αθήνας
|c ; επιμέλεια : Κώστας Ντάφλος, Χριστίνα Κάλμπαρη
|
| 260 |
|
|
|a Αθήνα
|b Futura
|c 2005
|
| 300 |
|
|
|a 275 σ.
|b εικ.
|c 23 εκ.
|
| 650 |
|
4 |
|a Πολεοδομία
|z Ελλάδα
|z Αττική (Νομός)
|z Αθήνα
|9 8651
|
| 650 |
|
4 |
|a Τέχνη
|z Ελλάδα
|z Αθήνα
|9 58904
|
| 650 |
|
4 |
|a Φωτογραφία
|z Ελλάδα
|z Αττική (Νομός)
|z Αθήνα
|9 40893
|
| 700 |
1 |
|
|a Ντάφλος, Κώστας
|4 edt
|9 58905
|
| 700 |
1 |
|
|a Κάλμπαρη, Χριστίνα
|4 edt
|9 58906
|
| 852 |
|
|
|a GR-PaULI
|b ΠΑΤΡΑ
|b ΑΡΧΙΤΕΚΤΟΝΙΚΗ
|k ΑΣΧΕ-2
|h 711.409 495 12 ΝΤΑ
|m 005491
|p 025000157354
|t 1
|
| 942 |
|
|
|2 ddc
|c BK15
|
| 952 |
|
|
|0 0
|1 0
|4 0
|6 711_409000000000000_495_12_ΝΤΑ
|7 0
|9 65139
|a ARCH
|b ARCH
|d 2016-04-24
|i 005491
|l 6
|m 1
|o 711.409 495 12 ΝΤΑ
|p 025000157354
|r 2024-04-09 00:00:00
|s 2024-04-02
|t 1
|w 2016-04-24
|y BK15
|
| 998 |
|
|
|c Κηπουργού
|d 2008-02
|
| 999 |
|
|
|c 41804
|d 41804
|